000 01046cam a22002891i 4500
003 SA-RiAUC
005 20240909125741.0
008 240908s1993 su g b 00000 ara c
020 _a9960-738-70-1
040 _aSA-MaUQU
_bara
_cSA-RiAUC
_erda
082 0 4 _a242
_qSA-RiAUC
090 _a242
_bح م د
100 1 _aالحمد، أحمد بن ناصر بن محمد،
_d1369 هجري-
_eمؤلف.
245 1 2 _aالنبي والرسول /
_cتأليف أحمد بن ناصر بن محمد آل حمد.
250 _aالطبعة الأولى.
264 1 _aمكة المكرمة :
_bمكتبة القدس،
_c1993
300 _a216 صفحة ؛
_c24 سم
336 _aنص
_btxt
_2rdacontent
_3كتاب
337 _aبدون وسيط
_bn
_2rdamedia
338 _aمجلد
_bnc
_2rdacarrier
504 _aيشتمل على إرجاعات ببليوجرافية.
650 7 _aالنبوات
_2aucsh
650 7 _aالأنبياء
_2aucsh
650 7 _aالرسل
_2aucsh
942 _2ddc
_cBOOK
949 _aSA-JeALM
_d240908
_umohamedma123
_n1
999 _c116
_d116